|
|
|
|
| LEADER |
00000nab a2200000uu 4500 |
| 001 |
vtls011486833 |
| 003 |
SK-MaSNL |
| 005 |
20260303113621.0 |
| 008 |
230121|1971 xo |||||||||||||||||cze| |
| 015 |
|
|
|a SNBRB
|
| 035 |
|
|
|a (urnnbn)urn:nbn:sk:snk:ar-007a9p
|
| 035 |
|
|
|a (uuid)74da07a0-cae2-480b-a4e0-38b1b818a6a9
|
| 035 |
|
|
|a urn:nbn:sk:snk-abdcvh
|
| 040 |
|
|
|a SNKBUCL
|b slo
|c SNKBUCL
|e AACR2
|
| 041 |
0 |
|
|a cze
|
| 044 |
|
|
|a xo
|c SK
|
| 100 |
1 |
|
|a Blažek, J.
|4 aut
|9 295897
|
| 245 |
1 |
0 |
|a REHABILITACE SENZITIVNÍCH PORUCH V OBLASTI NERVI TRIGEMINI
|c L. Štolba, J. Blažek
|
| 700 |
1 |
|
|a Štolba, L.
|4 aut
|9 1127455
|
| 773 |
0 |
|
|t Rehabilitácia : odborný časopis pre otázky liečebnej, pracovnej, psychosociálnej a výchovnej rehabilitácie
|g Roč. 4, č. 3 (1971), s. 139-143
|
| 954 |
|
|
|a odborná, vedecká literatúra cudzojazyčná (svetová)
|2 lita
|
| 958 |
|
|
|a OND
|
| 958 |
|
|
|a EUIPO
|
| 958 |
|
|
|a article18
|
| 999 |
|
|
|c 1893702
|d 1895632
|